Red (Lyrics)- Taylor Swift - Statistics

General Stats
  • This quiz has been taken 51 times
  • The average score is 251 of 322
Answer Stats
Answer % Correct
a
100%
him
100%
like
100%
Like
100%
Loving
100%
loving
100%
I
97%
blue
95%
was
95%
driving
92%
is
92%
red
92%
(Red,
92%
red)
92%
(Red
92%
so
92%
the
92%
all
89%
dark
89%
gray
89%
it
89%
know
89%
new
89%
street
89%
you
89%
down
86%
in
86%
In
86%
Maserati
86%
never
86%
alone
84%
Missing
84%
when
84%
and
81%
And
81%
to
81%
Burning
78%
burning
78%
dead-end
78%
Oh
78%
be
76%
I'd
76%
Losing
76%
losing
76%
me
76%
tryin'
76%
your
76%
But
73%
Forgetting
73%
known
73%
met
73%
no
73%
somebody
73%
there
70%
go
68%
it's
68%
just
68%
of
68%
as
65%
lose
65%
love
65%
right
65%
Faster
62%
front
62%
my
62%
on
62%
suddenly
62%
than
62%
wind
62%
answer
59%
before
59%
they
59%
comes
57%
Comes
57%
ending
57%
ever
57%
free
57%
let
57%
realizing
57%
see
57%
with
57%
bright
54%
change
54%
colors
54%
flashbacks
54%
head
54%
mind
54%
now
54%
trying
54%
wanted
54%
Yeah
54%
yeah
54%
favorite
51%
from
51%
gotta
51%
passionate
51%
Remembering
51%
sin
51%
song
51%
you're
51%
'Cause
49%
echoes
49%
fall
49%
Fighting
49%
moving
49%
once
49%
still
49%
Tell
49%
that
49%
there's
49%
Touching
49%
already
46%
could
46%
impossible
46%
myself
46%
out
46%
strong
46%
through
46%
time
46%
autumn
43%
crossword
43%
easy
43%
knowing
43%
wishing
43%
words
43%
found
41%
old
41%
Regretting
41%
solve
41%
flying
38%
Memorizing
38%
back
35%
can
35%
round'
30%
spinning
30%
His
24%
he's
22%
that's
19%
why
19%
No matching quizzes found
Score Distribution
Percent of People with Each Score
Percentile by Number Answered
Your Score History
You have not taken this quiz